Włochy na MŚ 2006 - Statystyki

Ogólne statystyki
  • Ten quiz został rozwiązany 239 razy
  • Średni wynik to 12 z 24
Statystyki odpowiedzi
Hint Odpowiedź % Poprawnych
1 Juventus Turyn Gianluigi Buffon
100%
21 AC Milan Andrea Pirlo
86%
10 AS Roma Francesco Totti
85%
7 Juventus Turyn Alessandro Del Piero
83%
5 Juventus Turyn Fabio Cannavaro
83%
8 AC Milan Gennaro Gattuso
70%
23 Inter Mediolan Marco Materazzi
70%
13 AC Milan Alessandro Nesta
69%
9 Fiorentina Luca Toni
64%
4 AS Roma Daniele De Rossi
60%
3 Palermo Fabio Grosso
60%
18 AC Milan Filippo Inzaghi
60%
19 Juventus Turyn Gianluca Zambrotta
59%
16 Juventus Turyn Mauro Camoranesi
48%
Trener Marcelo Lippi
44%
11 AC Milan Alberto Gilardino
39%
6 Palermo Andrea Barzagli
37%
15 Udinese Calcio Vincenzo Iaquinta
26%
20 AS Roma Simone Perrotta
25%
14 Livorno Marco Amelia
17%
22 Lazio Rzym Massimo Oddo
17%
12 Lazio Rzym Angelo Peruzzi
16%
2 Palermo Cristian Zaccardo
16%
17 Palermo Simone Barone
10%
Nie znaleziono quizów pasujących do podanych kryteriów
Rozkład punktacji
Procent ludzi z każdym wynikiem
Percentyl według liczby udzielonych odpowiedzi
Twoja historia wyników
Nie rozwiązałeś tego quizu